000 00593nam a22001937a 4500
005 20260414110040.0
008 260414b |||||||| |||| 00| 0 eng d
020 _a978-0-7020-6704-4
050 _aRM 300 .A53 2022
100 _aANAND, RUMA
245 _aTROUNCE'S CLINICAL PHARMACOLOGY FOR NURSES AND ALLIED HEALTH PROFESSIONALS,
250 _a19TH
260 _aLONDON,
_bELSEVIER,
_c2022.
300 _aVII, 559 P, ILL
500 _aINCLUDES INDEX.
650 _aPHARMACOLOGY, NURSING
700 _aDEWILDE, STEPHEN. PAGE, CLIVE P. PATERSON, RUTH.
942 _2lcc
_cBK
999 _c216940
_d216940